| 000 | 00658nam a22002537a 4500 | ||
|---|---|---|---|
| 003 | OSt | ||
| 005 | 20140310182021.0 | ||
| 008 | 130731t xxu||||| |||| 00| 0 eng d | ||
| 020 | _a9780199152919 | ||
| 050 |
_aQA 135.6 _b.Al417 2009 |
||
| 082 |
_aTR 510 _bA417a 2009 |
||
| 100 |
_aAllan, Ray _97064 |
||
| 245 |
_aMath links / _cRay Allan, Nina Patel, Martin Williams. |
||
| 260 |
_aNew York : _bOxford, _c2009. |
||
| 300 |
_a275 p. : _c26 cm. |
||
| 440 |
_aMath Links _97065 |
||
| 541 | _j1 | ||
| 541 | _j1 | ||
| 562 | _e1 | ||
| 650 |
_aMathematics _9210 |
||
| 830 |
_aA8 _97066 |
||
| 830 |
_aA9 _97067 |
||
| 942 |
_2lcc _cBK-TR _kTR |
||
| 999 |
_c8354 _d8354 |
||